|
|
|
|
| LEADER |
02006nam a22003377a 4500 |
| 001 |
44812 |
| 003 |
BD-DhAAL |
| 005 |
20250922155853.0 |
| 008 |
250916t2024 enka|||| b||| 001 0 eng d |
| 020 |
|
|
|a 9781529219166
|q hardcover
|
| 020 |
|
|
|a 9781529219180
|q ePub
|
| 020 |
|
|
|a 9781529219197
|q ePdf
|
| 020 |
|
|
|a 9781529219173
|q paperback
|
| 040 |
|
|
|a BD-DhAAL
|c BD-DhAAL
|
| 082 |
|
|
|a 307.76
|2 23
|
| 100 |
|
|
|a Lombard, Melanie.
|9 59325
|
| 245 |
|
|
|a Urban informality :
|b an introduction /
|c Melanie Lombard, Philipp Horn.
|
| 260 |
|
|
|a Bristol :
|b Bristol university press,
|c 2024.
|
| 300 |
|
|
|a xiii, 229 pages :
|b illustrations (black & white) ;
|c 25 cm
|
| 526 |
|
|
|a BIGD
AAL
|x Tarikul Alam Sharif
Deputy Academic Coordinator
BRAC Institute of Governance and Development (BIGD)
Course Name: MDS Programs
|
| 541 |
|
|
|a R. K. Corporation
|e 44812, 44813, 44814
|
| 650 |
|
|
|a Urban Sociology.
|9 59353
|
| 650 |
|
|
|a Sociology, Urban.
|
| 650 |
|
|
|a Urban policy.
|
| 700 |
|
|
|a Horn, Philipp.
|9 59354
|
| 852 |
|
|
|a Ayesha Abed Library
|c General Stacks
|
| 942 |
|
|
|2 ddc
|c BK
|
| 999 |
|
|
|c 47538
|d 47538
|
| 952 |
|
|
|0 0
|1 0
|2 ddc
|4 0
|6 307_760000000000000_LOM
|7 0
|9 78192
|a BIGD
|b BIGD
|d 2025-09-15
|e R K Corporation
|g 4345.00
|l 0
|o 307.76 LOM
|p 3050044814
|r 2025-09-15
|t 3
|v 4345.00
|w 2025-09-15
|y BK
|x Requisitioned by Tarikul Alam Sharif (Deputy Academic Coordinator, BRAC Institute of Governance and Development (BIGD) for the course named- “MDS Programs”
|
| 952 |
|
|
|0 0
|1 0
|2 ddc
|4 0
|6 307_760000000000000_LOM
|7 0
|9 78204
|a BRACUL
|b BRACUL
|c NEW
|d 2025-09-16
|e R K Corporation
|g 4345.00
|l 1
|o 307.76 LOM
|p 3010044812
|r 2025-09-29
|s 2025-09-22
|t 1
|v 8690.00
|w 2025-09-16
|y BK
|x Requisitioned by Ayesha Abed Library.
|
| 952 |
|
|
|0 0
|1 0
|2 ddc
|4 0
|6 307_760000000000000_LOM
|7 0
|9 78205
|a BIGD
|b BIGD
|d 2025-09-16
|e R K Corporation
|g 4345.00
|l 0
|o 307.76 LOM
|p 3050044813
|r 2025-09-16
|t 2
|v 8690.00
|w 2025-09-16
|y BK
|x Requisitioned by Tarikul Alam Sharif (Deputy Academic Coordinator, BRAC Institute of Governance and Development (BIGD) for the course named- “MDS Programs”
|